000
002570000a22000970004500
100
1
_a
Tidwell, N.L.
245
1
0
_a
A further note on Mesha's HMSLT B'RNN
300
_a
Vol. 49, Num. 1 (Enero, 1999), Páginas 132-134
773
0
_t
Vetus Testamentum
942
_c
ANA
999
_c
58265
_d
58265